| 000 | 00555nam a22002177a 4500 | ||
|---|---|---|---|
| 005 | 20260408114118.0 | ||
| 008 | 260408b |||||||| |||| 00| 0 eng d | ||
| 020 |
_a978-93-6440-079-4 _c275 |
||
| 040 | _aMAIN | ||
| 041 | _aeng | ||
| 082 |
_a338.7 _bMAH |
||
| 100 |
_aMahajan, P. _qPriya |
||
| 245 | _aBusiness Environment | ||
| 250 | _aReprinted Ed. | ||
| 260 |
_aLudhiana _bKalyani Publishers _c2026. |
||
| 300 |
_axii, 296p. ; _c20x30 cm |
||
| 500 | _aNEP 4th Semester | ||
| 505 | _aNEP 4th Semester | ||
| 650 | _aEconomics | ||
| 942 |
_2ddc _cBK |
||
| 999 |
_c16327 _d16327 |
||